000 00460nam a22001337a 4500
003 OSt
005 20240320125706.0
008 240320b |||||||| |||| 00| 0 eng d
040 _cCentral Library MRSPTU
100 _aBalbir Parwana (ਬਲਬੀਰ ਪਰਵਾਨਾ)
245 _aKala, Jindagi te Naksali Sarokar (ਕਲਾ, ਜਿੰਦਗੀ ਤੇ ਨਕਸਲੀ ਸਰੋਕਾਰ)
260 _aBarnala
_bTarkbharti Parkashan
_c2004
942 _2ddc
_cBK
_n0
999 _c9919
_d9919